|
|
|
|
| LEADER |
01769nam a2200397 i 4500 |
| 001 |
EBC5150654 |
| 003 |
MiAaPQ |
| 005 |
20200520144314.0 |
| 006 |
m o d | |
| 007 |
cr cnu|||||||| |
| 008 |
171215t20172017gw a ob 000 0 eng d |
| 020 |
|
|
|z 9783737603881
|
| 020 |
|
|
|a 9783737603898 (e-book)
|
| 035 |
|
|
|a (MiAaPQ)EBC5150654
|
| 035 |
|
|
|a (Au-PeEL)EBL5150654
|
| 035 |
|
|
|a (CaPaEBR)ebr11468208
|
| 035 |
|
|
|a (OCoLC)1012883161
|
| 040 |
|
|
|a MiAaPQ
|b eng
|e rda
|e pn
|c MiAaPQ
|d MiAaPQ
|
| 050 |
|
4 |
|a TK7871.58.P6
|b .L446 2017
|
| 082 |
0 |
|
|a 621.38412
|2 23
|
| 100 |
1 |
|
|a Lehna, Roshanak,
|e author.
|
| 245 |
1 |
0 |
|a Partitioning design approach for the reliable design of highly efficient RF power amplifiers /
|c Roshanak Lehna.
|
| 264 |
|
1 |
|a Kassel, Germany :
|b Kassel University Press,
|c 2017.
|
| 264 |
|
4 |
|c 2017
|
| 300 |
|
|
|a 1 online resource (190 pages) :
|b illustrations, tables
|
| 336 |
|
|
|a text
|2 rdacontent
|
| 337 |
|
|
|a computer
|2 rdamedia
|
| 338 |
|
|
|a online resource
|2 rdacarrier
|
| 504 |
|
|
|a Includes bibliographical references.
|
| 588 |
|
|
|a Description based on online resource; title from PDF title page (EBC, viewed December 15, 2017).
|
| 590 |
|
|
|a Electronic reproduction. Ann Arbor, MI : ProQuest, 2016. Available via World Wide Web. Access may be limited to ProQuest affiliated libraries.
|
| 650 |
|
0 |
|a Power amplifiers
|x Design and construction.
|
| 655 |
|
4 |
|a Electronic books.
|
| 776 |
0 |
8 |
|i Print version:
|a Lehna, Roshanak.
|t Partitioning design approach for the reliable design of highly efficient RF power amplifiers.
|d Kassel, Germany : Kassel University Press, c2017
|h xxii, 164 pages
|z 9783737603881
|
| 797 |
2 |
|
|a ProQuest (Firm)
|
| 856 |
4 |
0 |
|u https://ebookcentral.proquest.com/lib/matrademy/detail.action?docID=5150654
|z Click to View
|